000 00468nam a2200181Ia 4500
005 20250423100213.0
008 250422s9999 xx 000 0 und d
020 _a0-7356- 1017- 7
050 _aQA 76.9.C55 .M5285/
100 _aJuliana Aldous
245 0 _aMicrosoft Exchange 2000 Server resource kit
260 _aRedmond, Washington
260 _bMicrosoft Press
260 _c2000
300 _a1057 p
650 _aClient/ Server Computing
942 _cBK
999 _c32594
_d32594